Champions League Finalists by City - Statistics

General Stats
  • This quiz has been taken 42 times
    41 since last reset
  • The average score is 16 of 20
Answer Stats
Question Answer % Correct
Amsterdam Ajax
100%
Paris Paris Saint-Germain
97%
Manchester Both
92%
Milan Both Inter and AC Milan
92%
Barcelona FC Barcelona
89%
Liverpool Liverpool
89%
London All of the above
84%
Lisbon Benfica
84%
Madrid Both Atletico and Real
84%
Bruges Club Brugge
84%
Malmö Malmö FF
84%
Berlin None of the above
84%
Eindhoven PSV
84%
Istanbul None of the Above
76%
Bucharest Steaua
76%
Moscow None of the above
73%
Glasgow Celtic
65%
Athens Panathinaikos
49%
Rome Roma
46%
Belgrade Both
24%
No matching quizzes found
Score Distribution
Percent of People with Each Score
Percentile by Number Answered
Your Score History
You have not taken this quiz since the last reset